Normal view
MARC view
Entry Topical Term
001 - CONTROL NUMBER
- control field: 33465
003 - CONTROL NUMBER IDENTIFIER
- control field: OSt
005 - DATE AND TIME OF LATEST TRANSACTION
- control field: 20220928144422.0
008 - FIXED-LENGTH DATA ELEMENTS
- fixed length control field: 220928|| aca||aabn | a|a d
040 ## - CATALOGING SOURCE
- Original cataloging agency: OSt
- Transcribing agency: OSt
150 ## - HEADING--TOPICAL TERM
- Topical term or geographic name entry element: PRIs, Attendance, Party affiliation, Community affiliation, Patriarchy.
670 ## - SOURCE DATA FOUND
- Source citation: Work cat.: (OSt): Kakati, Bhaskar Kumar 33464, Gaon panchayat, tribal women and their participation: A case of Tiwas of Assam
